=LDR 00000nam 2200000 4500 =001 NUTBA000000000006128 =005 20200929075448 =035 ##$$a 0010-111400000000607 =008 200929################g##########0#ind## =020 ##$$a 978-979-25-4629-3 =082 ##$$a 303.64 =100 ##$$a Luttwak, Edward =245 1#$$a Kudeta : $b Teori dan praktik penggulingan kekuasaan /$c Edward Luttwak =250 ##$$a Cet.1 =260 ##$$a Yogyakarta :$b Relief,$c 2009 =300 ##$$a 270 Hlm. ; $c 14 x 21cm =084 ##$$a 303.64 LUT k =504 ##$$a Indeks : 263 - 270 =990 ##$$a 21414261 =990 ##$$a 21414259 =990 ##$$a 21414260 =990 ##$$a 21414258 =990 ##$$a 21414257 =990 ##$$a 10400844 =990 ##$$a 21414261 =990 ##$$a 21414259 =990 ##$$a 21414260 =990 ##$$a 21414258 =990 ##$$a 21414257 =990 ##$$a 10400842 =990 ##$$a 21414261 =990 ##$$a 21414259 =990 ##$$a 21414260 =990 ##$$a 21414258 =990 ##$$a 21414257 =990 ##$$a 10400844